| 000 | 00918nam a2200313Ia 4500 | ||
|---|---|---|---|
| 001 | Z_3755 | ||
| 003 | CHAP | ||
| 008 | 220113s1984 xx 000 0 und d | ||
| 010 | _a166835 | ||
| 040 | _cCHAP | ||
| 090 | _aFolleto 490 | ||
| 100 |
_aUniversidad Autónoma de Chihuahua. Facultad de Zootecnia. _9140962 |
||
| 245 |
_aEl manejo de pastizales en la ganadería extensiva / _cpor TESEACHIC |
||
| 260 |
_aChihuahua, Chih. : _bLa Universidad, _c1984 |
||
| 300 | _a43 p. | ||
| 440 |
_aRevista Técnica para el ganadero No. 1 _9140963 |
||
| 500 | _a | ||
| 503 | _a | ||
| 650 |
_aArbustos como forraje I. Universidad Autónoma de Chihuahua. Departamento de Zootecnia II. t. _9140964 |
||
| 650 |
_aForrajes _xManejo _9140965 |
||
| 650 |
_aGanadería _944604 |
||
| 650 |
_aPastoreo _985984 |
||
| 901 | _aFolleto 490 | ||
| 902 | _aA | ||
| 910 | _a1984 | ||
| 942 | _cc14 | ||
| 942 | _cc14 | ||
| 999 |
_c166835 _d166835 |
||